000 00701nam a2200217Ia 4500
008 191130s1999##################000#0#eng##
020 _a9780486404714
022 _a500985
040 _aACL
_cACL
082 _a745.442 KAT
100 _aKate, Maggie
245 _aReady-to-use medieval illustrations : 424 different copyright-free designs printed one side
_cselected and arranged by Maggie Kate
260 _aMineola, NY
_bDover Publications
_c1999
300 _a32 leaves : all col. ill. ; 28 cm
500 _aCover title
650 _aClip art
650 _aDecoration and ornament, Medieval
990 _a8197f46eac10000c515c6d787b4502fb
991 _a322410
999 _c389205
_d389205